000 01242cam a2200277 i 4500
003 SA-RiAUC
005 20250830053910.0
008 250810s1998 le g 00000 ara c
040 _aSA-RiAUC
_bara
_cSA-RiAUC
_erda
082 0 4 _a251.6
090 _a251.6
_bا ب ن ل
100 1 _aابن اللحام، علي بن محمد بن عباس،
_dتوفي 803 هجري
_eمؤلف.
245 1 2 _aالقواعد والفوائد الأصولية وما يتعلق بها من الأحكام الفرعية /
_cأبو الحسن علاء الدين علي بن محمد المعروف بابن اللحام ؛ تحقيق عبد الكريم الفضيلي.
250 _aالطبعة الأولى.
264 1 _aبيروت :
_bالمكتبة العصرية،
_c1998.
300 _a398 صفحة ؛
_c24 سم
336 _aنص
_btxt
_2rdacontent
_3كتاب
337 _aبدون وسيط
_bn
_2rdamedia
338 _aمجلد
_bnc
_2rdacarrier
650 7 _aالقواعد الفقهية
_2aucsh
650 7 _aالفقه الإسلامي
_2aucsh
650 7 _aأصول الفقه الإسلامي
_2aucsh
700 1 _aالفضيلي، عبد الكريم
_eمحقق
942 _2ddc
_cBOOK
_n0
949 _aSA-JeALM
_d250810
_umohamedma123
_n1
999 _c11314
_d11314